Before and after Socrates / (Record no. 1296)
[ view plain ]
| 000 -LEADER | |
|---|---|
| fixed length control field | 00946nam a2200277 a 4500 |
| 001 - CONTROL NUMBER | |
| control field | 1296 |
| 003 - CONTROL NUMBER IDENTIFIER | |
| rucl marc code | BDjRUL |
| 005 - DATE AND TIME OF LATEST TRANSACTION | |
| control field | 20211208233318.0 |
| 008 - FIXED-LENGTH DATA ELEMENTS--GENERAL INFORMATION | |
| fixed length control field | 131125s19581932xx 001 0 eng d |
| 035 ## - SYSTEM CONTROL NUMBER | |
| System control number | (BDjRUl)1318 |
| 040 ## - CATALOGING SOURCE | |
| Original cataloging agency | CSU |
| Modifying agency | BDjRUL |
| Language of cataloging | eng |
| Transcribing agency | BD-RjUL |
| 041 ## - LANGUAGE CODE | |
| Language code of text/sound track or separate title | eng |
| 082 ## - DEWEY DECIMAL CLASSIFICATION NUMBER | |
| Classification number | 180 |
| Edition number | 16 |
| Author mark and year | COB |
| 100 1# - MAIN ENTRY--PERSONAL NAME | |
| Personal name | Cornford, Francis Macdonald, |
| Dates associated with a name | 1874-1943. |
| 9 (RLIN) | 3832 |
| 245 10 - TITLE STATEMENT | |
| Title | Before and after Socrates / |
| Statement of responsibility, etc. | by Francis MacDonald Cornford. |
| 260 ## - PUBLICATION, DISTRIBUTION, ETC. (IMPRINT) | |
| Place of publication, distribution, etc. | Cambridge : |
| Name of publisher, distributor, etc. | Cambridge University Press, |
| Date of publication, distribution, etc. | c1932 [Reprinted 1958] |
| 300 ## - PHYSICAL DESCRIPTION | |
| Pagination | x, 113 p. ; |
| Size | 19 cm. |
| 500 ## - GENERAL NOTE | |
| General note | "The four lectures contained in this book were delivered ... at Cambridge in August, 1932." |
| 505 0# - FORMATTED CONTENTS NOTE | |
| Formatted contents note | I. Ionian science before Socrates. -- II. Socrates. -- III. Plato. -- IV. Aristotle |
| 600 00 - SUBJECT ADDED ENTRY--PERSONAL NAME | |
| Personal name | Socrates. |
| Personal name | Plato. |
| Personal name | Aristotle. |
| 650 #0 - SUBJECT ADDED ENTRY--TOPICAL TERM | |
| Topical term or geographic name as entry element | Philosophy, Ancient. |
| 9 (RLIN) | 3836 |
| 942 ## - ADDED ENTRY ELEMENTS (KOHA) | |
| Source of classification or shelving scheme | Dewey Decimal Classification |
| Koha item type | Books |
| Lost status | Source of classification or shelving scheme | Damaged status | Not for loan | Collection code | Permanent Location | Current Location | Shelving location | Date acquired | Source of acquisition | Cost, normal purchase price | Total Checkouts | Full call number | Date last seen | Copy number | Koha item type |
|---|---|---|---|---|---|---|---|---|---|---|---|---|---|---|---|
| Dewey Decimal Classification | Non-fiction | Central Library, University of Rajshahi | Central Library, University of Rajshahi | 16/02/1963 | Zeitlinger | 18.00 | 180 COB 1958 | 25/11/2013 | C-3 | Books | |||||
| Dewey Decimal Classification | Non-fiction | Central Library, University of Rajshahi | Central Library, University of Rajshahi | 06/02/1963 | Zeitlinger | 18.00 | 180 COB 1958 | 08/04/2014 | C-5 | Books | |||||
| Dewey Decimal Classification | Non-fiction | Central Library, University of Rajshahi | Central Library, University of Rajshahi | 06/02/1963 | Zitlinger | 18.00 | 180 COB 1958 | 10/04/2014 | C-2 | Books | |||||
| Dewey Decimal Classification | Non-fiction | Central Library, University of Rajshahi | Central Library, University of Rajshahi | 13/02/1963 | Zitlinger | 18.00 | 180 COB 1958 | 10/04/2014 | C-4 | Books | |||||
| Dewey Decimal Classification | Not For Loan | Non-fiction | Central Library, University of Rajshahi | Central Library, University of Rajshahi | Reading Room | 13/02/1963 | Zeitlinger | 18.00 | 180 COB 1958 | 15/04/2014 | C-1 | Books | |||
| Dewey Decimal Classification | Central Library, University of Rajshahi | Central Library, University of Rajshahi | 09/05/1968 | Zeitlinger | 7.60 | 180 COB 1964 | 22/04/2014 | C-6 | Books | ||||||
| Dewey Decimal Classification | Non-fiction | Central Library, University of Rajshahi | Central Library, University of Rajshahi | 28/12/1968 | zeithinger | 25.00 | 180 COB 1932 | 24/04/2014 | C-9 | Books |